000 01016nam a2200277 i 4500
001 9572
003 ES-MaACL
005 20250724233438.0
008 931110s1993 sp ||||1| spa d
020 _a84-481-0089-1
080 _a551.21
100 1 _aDecker, Robert W.
_943170
245 1 0 _aMontañas de fuego :
_bla naturaleza de los volcanes /
_cRobert W. Decker y Barbara B. Decker ; traducción, Marta Marañón Medina ; revisión técnica, Eduardo Martínez de Pisón.
260 _aMadrid :
_bMcGraw-Hill,
_c[1993]
300 _a231, [16] p. de lám. col. :
_bil. ;
_c21 cm.
490 1 _aMcGraw-Hill de divulgación científica
500 _aÍndices.
504 _aBibliografía: p. 223-225.
650 7 _aVolcanes
_2embne
_917846
700 1 _aDecker, Barbara B.
_943168
700 1 _aMarañón Medina, Marta.
_976318
700 1 _aMartínez de Pisón, Eduardo.
_978025
830 1 _aMcGraw-Hill de divulgación científica
_9179486
852 _aES-MaACL
_jL-17009
999 _c9572
_d9572